000 00417nam a2200157Ia 4500
008 240126s9999 xx 000 0 und d
022 _a0597-6507
041 _aEnglish
082 _aLIBRARY-VIII
245 0 _aBroadcost and CableSat (2016 -
260 _bADI Media Pvt Ltd.
_aNew Delhi
440 _aNULL
650 _aBroadcost,CableSat,(2016,-,Telecommunication
650 _aTelecommunication
942 _cJN
999 _c279026
_d279026